| 000 | 00827nam a2200253Ia 4500 | ||
|---|---|---|---|
| 003 | OSt | ||
| 005 | 20221007124545.0 | ||
| 006 | a|||||r|||| 00| 0 | ||
| 007 | ta | ||
| 008 | 221006b |||||||| |||| 00| 0 eng d | ||
| 020 | _a9780470665671 (pbk) | ||
| 024 | _a192934 | ||
| 037 |
_b284, 06/02/2015, Vardhman Books _cTextual |
||
| 040 |
_aCDL _cCDL _beng |
||
| 041 |
_2eng _aeng |
||
| 082 | _aC56:3, Q5 Carc | ||
| 100 |
_aTasumi Mitsuo _9719596 |
||
| 245 | 0 | _aIntroduction to experimental infrared spectroscopy: Fundamentals and practical methods | |
| 260 |
_aWest _bSussex Wiley _c2015 |
||
| 300 |
_axii, 389p. ill. _ccm. |
||
| 500 | _aAppendix A-F 335-374p.; Index 375-389p. | ||
| 942 |
_hC56:3, Q5 Carc _cTEXL _2CC |
||
| 999 |
_c1213727 _d1213727 |
||